000 00872nam a2200265 a 4500
001
003 DO-SdBNP
005 20220225103248.0
007 ta
008 091123s2003 dr 001 0 spa d
020 _a9993461733
040 _aDO-SdBNP
_bspa
_cBPMSU
082 4 _a349.7293
_bV161e 2003
_222
100 1 _aValenzuela Moquete, Emigdio,
_d1947-
245 1 0 _aEntre el derecho y la vida /
_cEmigdio Valenzuela Moquete ; prólogo Emmanuel Esquea Guerrero.
260 _aSanto Domingo :
_bBúho,
_c2003.
300 _a298 p. ;
_c23 cm.
500 _aIncluye datos biográficos del autor en la solapa de la cubierta
590 _aInventariado, 2022/VM
650 4 _aDerecho
_xAspectos sociales
_zRepública Dominicana
651 4 _aRepública Dominicana
_xLegislación
700 1 _aEsquea Guerrero, Emmanuel,
_epról.
910 _aVMateo V.
942 _2ddc
_cBK
999 _c7418
_d7418